Estatísticas para Municípios do Estado de Sergipe

Clique aqui para jogar o quiz

Estatísticas Gerais

  • Esse quiz foi jogado 28 vezes
  • A pontuação média é 47 de 75

Estatísticas das Respostas

Município% Correto
Aracaju
100%
Itabaiana
100%
Lagarto
100%
São Cristóvão
100%
Laranjeiras
90%
Barra dos Coqueiros
85%
Canindé de São Francisco
85%
Estância
85%
Nossa Senhora do Socorro
85%
Areia Branca
80%
Capela
80%
Propriá
80%
Tobias Barreto
80%
Boquim
75%
Itabaianinha
75%
Nossa Senhora das Dores
75%
Porto da Folha
75%
Riachuelo
75%
Campo do Brito
70%
Japaratuba
70%
Maruim
70%
Neópolis
70%
Nossa Senhora da Glória
70%
Carira
65%
Carmópolis
65%
Frei Paulo
65%
Ilha das Flores
65%
Itaporanga d'Ajuda
65%
Monte Alegre de Sergipe
65%
Poço Redondo
65%
Poço Verde
65%
Salgado
65%
Simão Dias
65%
Aquidabã
60%
Brejo Grande
60%
Divina Pastora
60%
Gararu
60%
Japoatã
60%
Moita Bonita
60%
Nossa Senhora Aparecida
60%
Pirambu
60%
Ribeirópolis
60%
São Domingos
60%
Umbaúba
60%
Arauá
55%
Macambira
55%
Malhador
55%
Pacatuba
55%
Pinhão
55%
Riachão do Dantas
55%
Telha
55%
Cedro de São João
50%
Feira Nova
50%
Itabi
50%
Malhada dos Bois
50%
Muribeca
50%
Nossa Senhora de Lourdes
50%
Pedra Mole
50%
Rosário do Catete
50%
Santa Luzia do Itanhy
50%
Santana do São Francisco
50%
São Miguel do Aleixo
50%
Siriri
50%
Amparo de São Francisco
45%
Canhoba
45%
Cristinápolis
45%
Cumbe
45%
General Maynard
45%
Indiaroba
45%
Pedrinhas
45%
Santo Amaro das Brotas
45%
Tomar do Geru
45%
Santa Rosa de Lima
40%
São Francisco
40%
Graccho Cardoso
35%

Distribuição das Pontuações

Percentil de Números Respondidos

Porcentagem de Pessoas com Cada Pontuação

Sua Pontuação Histórica

Você não jogou esse quiz